书目信息 |
| 题名: |
二十世纪欧美文学史
|
|
| 作者: | 李明滨 主编 | |
| 分册: | 4 | |
| 出版信息: | 北京 北京大学出版社 1999.04 |
|
| 页数: | 574页 | |
| 开本: | 32开 | |
| 丛书名: | ||
| 单 册: | ||
| 中图分类: | I109.5 | |
| 科图分类: | ||
| 主题词: | 文学史--西方国家--现代 | |
| 电子资源: | ||
| ISBN: | 7-301-03849-6 | |
| 000 | 00574nam0 2200193 45 | |
| 001 | 0105230978 | |
| 005 | 20031219104050.0 | |
| 010 | @a7-301-03849-6@dCNY28.50 | |
| 100 | @a20010523d1999 km y0chiy0120 ea | |
| 101 | 0 | @achi |
| 105 | @a z 000yy | |
| 200 | 1 | @a二十世纪欧美文学史@h4@AEr Shi Shi Ji Ou Mei Wen Xue Shi@f李明滨主编@FLi Ming Bin Zhu Bian |
| 210 | @a北京@c北京大学出版社@d1999.04 | |
| 215 | @a574页@d32开 | |
| 606 | 0 | @a文学史@y西方国家@z现代 |
| 690 | @aI109.5@v4 | |
| 701 | @a李明滨@4主编 | |
| 801 | @aCN@bTSTC@c20010523 | |
| 905 | @f4@b297588-591@dI109.5@e40:4 | |
| 二十世纪欧美文学史.4/李明滨主编.-北京:北京大学出版社,1999.04 |
| 574页;32开 |
| ISBN 7-301-03849-6:CNY28.50 |
| ● |
| 相关链接 |
|
|
|
|
正题名:二十世纪欧美文学史
索取号:I109.5/40:4
 
预约/预借
| 序号 | 登录号 | 条形码 | 馆藏地/架位号 | 状态 | 备注 |
| 1 | 0297588 | 202975888 | 第二借阅区/ [索取号:I109.5/40:4] | 在馆 | |
| 2 | 0297589 | 202975897 | 第二借阅区/ [索取号:I109.5/40:4] | 在馆 | |
| 3 | 0297590 | 202975904 | 第二借阅区/ [索取号:I109.5/40:4] | 在馆 | |
| 4 | 0297591 | 202975913 | 第一样本阅览室/ [索取号:I109.5/40:4] | 在馆 |